000 00969cam a2200313 a 4500
001 15129426
005 20180815081513.0
008 080107s2009 njua b 001 0 eng
010 _a 2008000337
015 _aGBA825948
_2bnb
016 7 _a014537776
_2Uk
020 _a9780136009986
020 _a0136009980
020 _a9780131357976 (pbk.)
020 _a0131357972 (pbk.)
035 _a(OCoLC)ocn189700343
035 _a(OCoLC)189700343
_z(OCoLC)176888497
040 _aDLC
_cDLC
_dBAKER
_dC#P
_dBTCTA
_dYDXCP
_dBWX
_dXVF
_dUKM
_dDLC
041 _aeng
080 _a658.8
082 0 0 _a658.8
_222
100 1 _a60
101 _aMAR
245 1 0 _aMarketing management /
_cPhilip Kotler, Kevin Lane Keller.
504 _aIncludes bibliographical references and index.
906 _a7
_bcbc
_corignew
_d1
_eecip
_f20
_gy-gencatlg
942 _2ddc
_cBK
999 _c47191
_d47191